Music Quiz

Random Music or Song Quiz

Previous 5 Words Quiz Stats

 Plays Quiz Updated Mar 13, 2012

Challenge
Share
Tweet
Embed
Score 0/20 Timer 10:00
0 Plays Today
The line Previous 5 words % Correct
Put a gun against his head Mama just killed a man
76%
You were made to go out and get herHey Jude, don't be afraid
75.8%
You can have a good meal You can get yourself clean
36.8%
Would you still remember meIf I leave here tomorrow
34.1%
She's a good girl, crazy 'bout ElvisLoves Jesus and America too
33.1%
Touching me, touching youHands, touching hands, reaching out
33%
With every paper I’d deliverBut February made me shiver
32.7%
No hell below usIt's easy if you try
31.5%
And her skin's the color mochaHer lips are devil red
30.4%
All you get is painWhat's the use in trying
24.4%
The line Previous 5 words % Correct
It seats about 20I got me a Chrysler
22.3%
But then again too few to mentionRegrets, I've had a few
18.5%
Absolutely soaking wetI'm gonna let myself get
18%
Night is young and the music's highAnybody could be that guy
17.1%
Be careful of who you love And mother always told me
16.3%
Like a complete unknownTo be without a home
16%
You're stayin' alive, stayin' aliveOr whether you're a mother
15.6%
Was when I hit the groundThe first kick I took
13.5%
Playin' my favorite songThe beat was goin' strong
10%
We ban the boogie soundBy order of the prophet
4.8%

You're not logged in!

Compare scores with friends on all Sporcle quizzes.
Join for Free
OR
Log In

You Might Also Like...

Show Comments

Extras

Top Quizzes Today


Score Distribution

Your Account Isn't Verified!

In order to create a playlist on Sporcle, you need to verify the email address you used during registration. Go to your Sporcle Settings to finish the process.

Report this User

Report this user for behavior that violates our Community Guidelines.

Details: